000 01092cam a2200313 a 4500
001 13981073
003 OSt
005 20230629140725.0
008 050525s2004 ke a b 000 0 eng
010 _a 2005328394
020 _a9966958266
020 _a9966958851
040 _aDLC
_cDLC
_dDLC
042 _alcode
043 _af-ke---
050 0 0 _aKSK517
_b.I58 2004
082 _a347.36
_bKSICJ
245 0 0 _aInternational human rights standards :
_breporting obligations : Convention on the Rights of the Child.
246 3 0 _aConvention on the Rights of the Child
260 _aNairobi :
_bKenyan Section of the International Commission of Jurists,
_c2004.
300 _aiii, 264 p. :
_bill. (chiefly col.) ;
_c26 cm.
504 _aIncludes bibliographical references.
650 0 _aChildren
_xLegal status, laws, etc.
_zKenya.
650 0 _aChildren's rights
_zKenya.
710 2 _aInternational Commission of Jurists (1952- ).
_bKenya Section.
906 _a7
_bcbc
_corigode
_d2
_encip
_f20
_gy-gencatlg
942 _2ddc
_cBK
999 _c3098
_d3098